000 00651nam a2200253Ia 4500
003 OSt
005 20220928120800.0
006 a|||||r|||| 00| 0
007 ta
008 220927b |||||||| |||| 00| 0 eng d
024 _a47573
037 _cTextual
040 _aSDCL
_cSDCL
_beng
041 _2eng
_aeng
082 _aX7.3'N8, M2
100 _aBrown C V
_9425350
245 0 _aPublic sector economics.
250 _a2
260 _aOxford
_bBasil Blackwell
_c1982
300 _axii,500p
_ccm.
700 _a Jackson P M
_9451113
942 _hX7.3'N8, M2
_cTEXL
_2CC
999 _c765225
_d765225